| 000 | 00750nam a22002417a 4500 | ||
|---|---|---|---|
| 003 | SISC | ||
| 005 | 20170116093210.0 | ||
| 008 | 131214b xxu||||| |||| 00| 0 eng d | ||
| 020 | _a9780415534536 | ||
| 050 |
_aG 155.A1 _b.T5924325 2013 |
||
| 100 | _aEdgell, David L. Sr. | ||
| 245 |
_aTourism policy and planning : _byesterday, today and tomorrow / _cDavid L Edgell, Sr., Jason R Swanson |
||
| 250 | _a2nd edition. | ||
| 260 |
_aNew York : _bRoutledge, _c2013. |
||
| 300 |
_axvi, 305 pages : _billustrations ; _c26 cm. |
||
| 500 | _aIncludes index. | ||
| 650 |
_aTourism _xPlanning. |
||
| 650 |
_aTourism _xGovernment policy. |
||
| 700 |
_aSwanson, Jason R. _eauthor. |
||
| 942 |
_2lcc _cBK _kFOR |
||
| 999 |
_c25776 _d25776 |
||